000 00696nam a2200289Ia 4500
005 20260324121919.0
008 008 260324s9999 xx 000 0 eng d
020 _a9780203093580
037 _aEBOOK
040 _aCRL
040 _beng
040 _cCRL
041 _2eng
041 _aeng
084 _qCRL
100 _aChristian von Scheve
_91164368
245 0 _aEmotion and Social Structures
245 4 _bThe Affective Foundations of Social Order
260 _bTaylor and Francis
260 _c2013
365 _a
365 _b240
856 _uhttp://www.taylorfrancis.com/books/9780203093580
942 _cEBOOK
999 _c1756759
_d1756759